Which God in Greek Mythology? Click Quiz - Statistics

General Stats
  • This quiz has been taken 2,419 times
  • The average score is 22 of 30
Answer Stats
Hint Answer % Correct
Is the king of the gods, and god of the sky and thunder Zeus
99%
Is the god of the sea, storms, earthquakes, and horses Poseidon
98%
Is the god of war and violence Ares
93%
Is the goddess of reason, wisdom, warfare Athena
91%
Is the god of wine, vegetation, ecstasy, theater Dionysus
91%
Is the queen of gods, and goddess of marriage Hera
91%
Is the goddess of love and beauty Aphrodite
88%
Is the king of the underworld and the dead Hades
88%
Is the goddess of hunting, wilderness, childbirth Artemis
85%
Is the personification of the Earth Gaia
83%
Is the god of fire and forging Hephaestus
83%
Is the queen of the underworld, goddess of spring Persephone
82%
Is the god of travelers, thieves, shepherds and messaging Hermes
81%
Is the personification of time Chronos
79%
Is the goddess of agriculture, harvest Demeter
78%
Is the god of light, music, arts, archery, and healing Apollo
77%
Is the personification of sleep Hypnos
77%
Is the goddess of victory Nike
73%
Is the goddess and personification of the night Nyx
71%
Is the goddess and personification of the Moon Selene
68%
Is the goddess of the home and domesticity Hestia
67%
Is the god of nature, shepherds and flocks Pan
66%
Is the personification of nothingness preexisting all things Chaos
64%
Is the goddess of retribution Nemesis
60%
Is the god of medicine Asclepius
58%
Is the personification of peaceful death Thanatos
57%
Is the personification of the Sky and The Heavens Uranus
56%
Is the goddess of strife and discord Eris
52%
Is the god of love and sex Eros
47%
Is the goddess the New Moon, magic, boundaries, crossroads Hecate
36%
No matching quizzes found
Score Distribution
Percent of People with Each Score
Percentile by Number Answered
Your Score History
You have not taken this quiz